LEADER 01526nam a2200325 a 4500 001 000000120666 003 CaOOAMICUS 005 20100310165125.0 008 100310t2010 it aboe u000 u ita r 040 $aPUL$bita$dReb 041 1 $aita$heng 100 1 $aSheppard, Si.$0(OLS)http://pul/name/75497 240 10$aPharsalus 48 BC: Caesar and Pompey$lItaliano.$0(OLS)http://pul/title/151737 245 10$aFarsalo, Cesare contro Pompeo /$cSi Sheppard ; illustrazioni di Adam Hook. 260 $aMilano :$bRBA Italia,$cİ2010. 300 $a96 p. :$bill., c. geogr., foto ;$c25 cm. 490 1 $aRoma e Grecia$aLe battaglie, gli eserciti, i grandi condottieri 490 1 $aRoma$aLe guerre civili I 500 $aPubblicazione periodica settimanale. 504 $aInclude bibliografia ed indice. 650 4$aRoma$xStoria$xGuerre civili$y146-45 a.C.$0(OLS)http://pul/subject/36550 651 4$aRoma$xOrganizzzazione militare.$0(OLS)http://pul/subject/33739 700 1 $aHook, Adam.$0(OLS)http://pul/name/72088 830 0$aRoma e Grecia$pLe battaglie, gli eserciti, i grandi condottieri.$0(OLS)http://pul/title/150360 830 0$aRoma$pLe guerre civili I.$0(OLS)http://pul/title/151736 850 $aPUL 852 $aPUL$W1$xDP2 Filosofia 3$y112$m930 COLL 2.3$j138291$qDDC 21$q $B137519$CPULBib$Z2$F137519 $H113010 $81 941 1 $a9 996 $6245$aFarsalo, Cesare contro Pompeo$9(OLS)http://pul/title/151735 996 $6260$aMilano :$bRBA Italia$9(OLS)http://pul/publisher/80118 LEADER 01304nam a2200313 u 4500 001 000000058582 003 CaOOAMICUS 005 20070226120716.0 008 010607s1975 it u000 u ita u 035 $a10891784 040 $aPUL(R)$bita 041 1 $aita$hger 100 1 $aFeuerbach, Ludwig Andreas,$d1804-1872.$0(OLS)http://pul/name/12135 240 10$aWesen des Christentums.$lItaliano.$0(OLS)http://pul/title/15201 245 12$aL'essenza del cristianesimo /$cLudwig Feuerbach ; prefazione di Antonio Banfi. 250 $a3. ed. 260 $aMilano :$bFeltrinelli,$c1975. 300 $a294 p. ;$c18 cm 490 1 $aUniversale economica ;$v413 650 4$aFilosofia e religione.$0(OLS)http://pul/subject/2646 650 4$aCristianesimo.$0(OLS)http://pul/subject/787 700 1 $aBanfi, Antonio,$d1886-1957.$0(OLS)http://pul/name/15583 830 0$aUniversale Economica ;$v413.$0(OLS)http://pul/title/12276 850 $aPUL 852 $aPUL$W1$xSL Filosofia 2$y80$mPhil D4 36$j76518$nBK-PRI$b $qStampati altre collocazioni$B76518$CPULBib$Z2$F76518 $H $81 941 1 $a10 961 $aINV: 45836 996 $6245$aL'essenza del cristianesimo$9(OLS)http://pul/title/15202 996 $6260$aMilano :$bFeltrinelli$9(OLS)http://pul/publisher/48846